| 000 | 00433 a2200169 4500 | ||
|---|---|---|---|
| 999 |
_c11361 _d11361 |
||
| 003 | OSt | ||
| 005 | 20230321125409.0 | ||
| 008 | 230309b ||||| |||| 00| 0 eng d | ||
| 020 | _a9788175364127 | ||
| 082 |
_a722.44 _bACH |
||
| 100 | _aPrasanna Kumar Acharya | ||
| 245 |
_aArchitecture of manasara, _b Manasara Series:4 |
||
| 260 |
_bLow price publications _c2015 _aDelhi |
||
| 300 | _a793p.; | ||
| 490 | _aSeries:4 | ||
| 942 | _2ddc | ||